000 00817nam a22001337a 4500
040 _cRUA
082 _aAVM NAN 2013 B108 Or.1
100 _aNANN, SOTHEARY.
245 _aThe comparation of the different culture media on land race breed wjth antibiotic at BVB investment corp at kompong thom province, ការប្រៀធៀបល្បាយចិញ្ចឹមទៅលើទឹកកាមជ្រូកពូជឡែនដ្រែសដោយមាន់បន្ថែមអង់ទីប៊ីយ៉ូទិចនៅក្រុមហ៊ុនBVB INVESTMENT CORP ក្នុងខេត្ដកំពង់ធំ
260 _aPhnom Penh
_bRUA
_c2013
300 _axvi; 57p.
_bill.
_c29cm.
856 _uhttps://drive.google.com/file/d/1fPRhrjMQU0RhdIiHLstnitWIsHhBy5N1/view?usp=sharing
942 _cAVM
999 _c2659
_d2659